000 01211nam a22002177a 4500
999 _c168633
_d168633
005 20191018103651.0
010 _aB-730564
020 _a9789353093907
_c40.00
035 _aB-730564
037 _bडी.बी.ए.डी./ उपहार
082 _a
100 _aकपूर, वीणा
245 _aचली चलें मकड़ियों से मिलने /
_cवाणी कपूर ; पिया मीनाक्षी द्वारा चित्रांकित ; स्वागता सेन पिल्लै द्वारा हिन्दी अनुवाद
260 _aनई दिल्ली
_bप्रथम बुक्स
_c2018
270 _a#621, 2nd floor, 5th Main, OMBR Layout, Banaswadi,
_bBengaluru
_e560043
_k+91 80 42052574, 91 11 41042483
300 _a20पृ.
_bसचित्र
_c14x20 सेमी (अजिल्द)
700 _928835
_aपिया मीनाक्षी
700 _928836
_aपिल्लै, स्वागता सेन
942 _2ddc
_cCH
_h
_mकपूर